000 00907nam a2200253 i 4500
001 125530
003 ES-MaACL
005 20230906192640.0
007 t|
008 070618s1990 be ||||1| fre d
080 _a913(493.21 B.)(036)
245 0 0 _aBruxelles
_b: XIXème & art nouveau /
_csous la direction de Pierre Loze , avec la collaboration de Dominique Vautier , Marina Festre ; et la contribution de Didier Collard ... [et. al.].
250 _a2e éd.
260 _aBruxelles :
_bEiffel editions :
_bC.F.C Editions,
_c[1990]
300 _a290 p. ;
_c25 cm.
500 _aBiblioteca Jacinto Martínez Lacalle.
650 4 _aBruselas-
_vGuías turísticas.
_9219167
700 1 _aLoze, Pierre.
_974477
700 1 _aVautier, Dominique.
_9219170
700 1 _aFestre, Marina.
_950627
700 1 _aCollard, Didier.
_939675
852 _aES-MaACL
_jE-11701
_bR.139725
999 _c125530
_d125530